000 00458cam a2200181ua 4500
041 _aeng
_h
082 _a631.46
_bJAC/LI
100 _aJackson, Richard M .
245 _aLife in the soil /
_cRichard M Jackson.
_hTextual Documents
260 _aLondon :
_bEdward Arnold Publications Ltd ,
_c1967.
300 _a59 ; .
504 _a
700 1 _aFrank , Raw .
942 _cBK
999 _c8812
_d8812